00630nam a22001697a 450000500170000002000180001703700080003510000170004324500570006026000450011727000760016230000280023849000640026650000210033050000930035170000160044420120103111847.0 a9788128624131 bPUB aLarry, H.I.  aSky high /cby H.I. Larry; illustrated by Andy Hook  aNew Delhi bNavneet Publicationsc(201?) a2-E, 23, Orion Plaza, 2nd Floor, Jhandewalan, Extn.bNew Delhi e110055 a90p. bill.c20cm(pbk)  aZac power; 24 hours to sav the world...and do teh uacuuming aA set of 5 books aChildren will experience the feeling of ecstasy and relish the treasure of wit nd wisdom aHook, Andy